00478nmm a2200169Ia 4500008004100000020001800041041000800059100002500067245002100092264007700113300001600190490001400206650001200220856005200232942000700284999001700291251105s9999||||xx |||||||||||||||||und|| a9788417321130 aspa aCárcamo M., Felipe 0aPaulina y Magaly a[Madrid, España] :bLantia, c[Fecha de publicación no identificada] a0 páginas aCaligrama aRomance uhttps://public.digitaliapublishing.com/a/121077 cCF c78591d78591